000
00269nam a2200097 a 4500
008
111128s2010|||| d
245
1
0
_a
Bieszczadzkie Gminy Pogranicza
260
_b
Pokarpacki Instytut Ksiazki i Marketingu
_a
Rzesow
_c
2010
020
_c
100
044
_a
xo
_c
SK
999
_c
19894
_d
19894